Leadership On A Blockchain : What Asia Can Teach Us About Networked Leadership (Record no. 43495)

MARC details
000 -LEADER
fixed length control field 01521cam a22003618i 4500
001 - CONTROL NUMBER
control field 23029956
005 - DATE AND TIME OF LATEST TRANSACTION
control field 20250423145319.0
008 - FIXED-LENGTH DATA ELEMENTS--GENERAL INFORMATION
fixed length control field 230322s2023 nyu b 001 0 eng
010 ## - LIBRARY OF CONGRESS CONTROL NUMBER
LC control number 2023010804
020 ## - INTERNATIONAL STANDARD BOOK NUMBER
International Standard Book Number 9781032506326
020 ## - INTERNATIONAL STANDARD BOOK NUMBER
International Standard Book Number 9781032506319
020 ## - INTERNATIONAL STANDARD BOOK NUMBER
Canceled/invalid ISBN 9781003399377
041 ## - LANGUAGE CODE
Language code of text/sound track or separate title eng
042 ## - AUTHENTICATION CODE
Authentication code pcc
043 ## - GEOGRAPHIC AREA CODE
Geographic area code a------
082 00 - DEWEY DECIMAL CLASSIFICATION NUMBER
Classification number 658.4092 COR
100 1# - MAIN ENTRY--PERSONAL NAME
Author Corbett, Frederique Covington,
245 10 - TITLE STATEMENT
Title Leadership On A Blockchain : What Asia Can Teach Us About Networked Leadership
260 ## - PUBLICATION, DISTRIBUTION, ETC.
Place New York
Publisher Roultedge
Publication Year 2024
300 ## - PHYSICAL DESCRIPTION
Extent 169;. pages: 24 cm
504 ## - BIBLIOGRAPHY, ETC. NOTE
Bibliography, etc. note Includes bibliographical references and index.
520 ## - SUMMARY, ETC.
Summary, etc. "Leadership on a Blockchain: What Asia can teach us about networked leadership is an authoritative text that goes to the foremost digitally connected markets of the world in Asia, and accounts for how leaders and teams are exercising leadership Darwinism to adapt for agility and connectivity"--
650 #0 - SUBJECT ADDED ENTRY--TOPICAL TERM
Subject Leadership; Business networks; Strategic alliances Business
942 ## - ADDED ENTRY ELEMENTS (KOHA)
Koha item type Books
263 ## - PROJECTED PUBLICATION DATE
Projected publication date 2308
264 #1 - PRODUCTION, PUBLICATION, DISTRIBUTION, MANUFACTURE, AND COPYRIGHT NOTICE
Place of production, publication, distribution, manufacture New York, NY :
Name of producer, publisher, distributor, manufacturer Routledge,
Date of production, publication, distribution, manufacture, or copyright notice 2023.
336 ## - CONTENT TYPE
Content type term text
Content type code txt
Source rdacontent
337 ## - MEDIA TYPE
Media type term unmediated
Media type code n
Source rdamedia
338 ## - CARRIER TYPE
Carrier type term volume
Carrier type code nc
Source rdacarrier
776 08 - ADDITIONAL PHYSICAL FORM ENTRY
Relationship information Online version:
Main entry heading Corbett, Frederique Covington.
Title Leadership on a blockchain
Place, publisher, and date of publication New York, NY : Routledge, 2023
International Standard Book Number 9781003399377
Record control number (DLC) 2023010805
906 ## - LOCAL DATA ELEMENT F, LDF (RLIN)
a 7
b cbc
c orignew
d 1
e ecip
f 20
g y-gencatlg
Holdings
Withdrawn status Lost status Source of classification or shelving scheme Damaged status Not for loan Home library Current library Shelving location Accession Date Vendor Price Bill number Full call number Barcode No Date last seen Discount Bill Date Koha item type Suggested By
    Dewey Decimal Classification     IMTN IMTN Rack 30-B 03/26/2025 Raghav Books Private Limited 4005.69 2374 658.4092 COR 33780 04/01/2025 33 02/14/2025 Books Dr. Mantha Raghu (Head Librarian)
Designed & Maintained by: LRC IMT Nagpur Contact: lrc@imtnag.ac.in© 2024. All Rights Reserved.